WWE Finishers - Statistics

General Stats
  • This quiz has been taken 218 times
  • The average score is 14 of 21
Answer Stats
Hint Answer % Correct
F5 Brock Lesnar
98%
619 Rey Mysterio
97%
Superman Punch Roman Reigns
95%
RKO Randy Orton
91%
Pedigree Triple H
90%
Dirty Deeds Dean Ambrose
84%
Curb Stomp Seth Rollins
79%
AA John Cena
78%
Styles Clash AJ Styles
77%
RockBottom The Rock
77%
Triple PowerBomb The Shield
77%
Skull-Crushing Finale The Miz
73%
Ankle Lock Kurt Angle
72%
End Of Days Baron Corbin
70%
Spear Goldberg
70%
Bank Statement Sasha Banks
69%
Ram-Page Paige
62%
Superkick Dolph Ziggler
53%
PowerBomb Kevin Owens
28%
PowerSlam Braun Strowmann
3%
Tombstone Piledriver The UnderTaker , Kane
1%
No matching quizzes found
Score Distribution
Percent of People with Each Score
Percentile by Number Answered
Your Score History
You have not taken this quiz